Language Quiz

Random Language Quiz

Keywords for Trolley Problem Research Quiz Stats

 Plays Quiz not verified by Sporcle

Support Sporcle.
Go Orange.
Score 0/23 Timer 02:00
0 Plays Today
% Correct
trolley problem
74.2%
choice
73.3%
ethics
65.8%
deontological ethics
65.8%
morality
40.8%
killing
22.5%
consequentialism
20.8%
deontology
19.2%
Philippa Foot
18.3%
action
14.6%
double effect
10.8%
Judith Jarvis Thomson
8.3%
% Correct
bystander
7.5%
responsibility
6.7%
innocence
5.9%
harm
5.8%
sacrifice
5.8%
Boonin
5%
threat
5%
causation
4.2%
Otsuka
3.3%
Oddie
2.9%
intentionality
2.5%

You're not logged in!

Compare scores with friends on all Sporcle quizzes.
OR
Log In

From the Vault

Almost Useless Language Trivia

by bhenderson79

No knowledge of actual hieroglyphics required.
Remove Ads.
Support Sporcle.
Get the best of Sporcle when you Go Orange. This ad-free experience offers more features, more stats, and more fun while also helping to support Sporcle. Thank you for becoming a member.

Show Comments

Extras

Created Mar 7, 2011ReportNominate
Tags:problem, research

Top Quizzes Today


Score Distribution

Your Account Isn't Verified!

In order to create a playlist on Sporcle, you need to verify the email address you used during registration. Go to your Sporcle Settings to finish the process.

Report this User

Report this user for behavior that violates our Community Guidelines.

Details: